Statystyki dla 10 Komunistycznych państw

Kliknij tutaj aby rozwiązać quiz!

Ogólne statystyki

  • Ten quiz został rozwiązany 69 razy
  • Średni wynik to 6 z 10

Statystyki odpowiedzi

MiejscaOdpowiedź% Poprawnych
IChiny
95%
IIIRosja
86%
IIKorea północna
84%
IXKuba
70%
VWietnam
70%
IVBiałoruś
63%
VILaos
52%
VIIIran
22%
VIIISerbia
11%
XLibia
8%

Rozkład punktacji

Percentyl według liczby udzielonych odpowiedzi

Procent ludzi z każdym wynikiem

Twoja historia wyników

Nie rozwiązałeś tego quizu